|
|
|
|
| LEADER |
01136ncm a22003012a 4500 |
| 001 |
001104689 |
| 003 |
CZ BrMZK |
| 005 |
20110922181515.0 |
| 007 |
qu |
| 008 |
021022s1974 xr f cze d |
| 040 |
|
|
|a BOA001
|b cze
|
| 072 |
|
7 |
|a 784
|x Vokální hudba
|2 Konspekt
|9 9
|
| 100 |
1 |
|
|a Doucek, Sláva
|7 mzk2011654223
|4 cmp
|
| 245 |
1 |
0 |
|a Děčínský přístav
|h [hudebnina] :
|b valčík /
|c Sláva Doucek ; slova Jan Blaštík ; upr. Jaroslav Cirgl. Blondýnka : polka / Fr. Maňas ; slova Sv. Radešínský ; upr. autor
|
| 250 |
|
|
|a 1. vyd.
|
| 260 |
|
|
|a Praha :
|b Supraphon,
|c 1974
|
| 300 |
|
|
|a 23 hlasů
|
| 490 |
1 |
|
|a Dechová hudba ;
|v 407
|
| 700 |
1 |
|
|a Blaštík, Jan,
|d 1927-
|7 mzk2007411310
|4 lyr
|
| 700 |
1 |
|
|a Cirgl, Jaroslav
|7 mzk2011661212
|4 arr
|
| 700 |
1 |
|
|a Maňas, František,
|d 1921-2004
|7 jn20000620214
|4 cmp
|4 arr
|
| 700 |
1 |
|
|a Radešínský, Svatopluk,
|d 1927-2002
|7 jk01101886
|4 lyr
|
| 740 |
0 |
2 |
|a Blondýnka
|
| 830 |
|
0 |
|a Dechová hudba (Supraphon)
|
| 910 |
|
|
|a BOA001
|b Mus3-0723.955
|
| 990 |
|
|
|a MU
|
| 991 |
|
|
|b 201007
|
| 996 |
6 |
|
|b 2619456056
|c Mus3-0723.955
|l MZK
|r Sklad / do 1 hodiny
|n 0
|w 001131405
|u 000010
|a 1
|e BOA001
|j MZK50
|s P
|